| 000 | 00507nam a2200181Ia 4500 | ||
|---|---|---|---|
| 005 | 20250508154440.0 | ||
| 008 | 008 250505s9999 xx 000 0 eng d | ||
| 037 | _aBooks to be hide in OPAC | ||
| 040 |
_aFEDL _beng _cFEDL |
||
| 041 |
_aeng _2eng |
||
| 084 |
_a371.3, TUS/O _qFEDL |
||
| 100 |
_aTussing Lyle _9762019 |
||
| 245 | 0 | _aStudy and succeed | |
| 260 |
_aNew York, USA _bJohn Wiley and Sons _c1962 |
||
| 300 | _aix,157p. | ||
| 942 |
_cHB _h371.3, TUS/O |
||
| 999 |
_c1350314 _d1350314 |
||